Harry Potter Actors - Statistics

General Stats
  • This quiz has been taken 105 times
  • The average score is 15 of 28
Answer Stats
Hint Answer % Correct
Harry Potter Daniel Radcliffe
98%
Hermione Granger Emma Watson
96%
Ron Weasley Rupert Grint
95%
Severus Snape Alan Rickman
87%
Draco Malfoy Tom Felton
81%
Minerva McGonagoll Maggie Smith
80%
Bellatrix Lestrange Helena Bonham Carter
75%
Sirius Black Gary Oldman
73%
Cedric Diggory Robert Pattinson
73%
Albus Dumbledore 3-8 Michael Gambon
67%
Rubeus Hagrid Robbie Coltrane
67%
Ginny Weasley Bonnie Wright
58%
Albus Dumbledore 1-2 Richard Harris
58%
Fred Weasley James Phelps
48%
George Weasley Oliver Phelps
48%
Lucuis Malfoy Jason Isaacs
47%
Luna Lovegood Evanna Lynch
42%
Molly Weasley Julie Walters
42%
Remus Lupin David Thewlis
40%
Dolores Umbridge Imelda Staunton
40%
Neville Longbottom Matthew Lewis
39%
Barty Crouch Jr. David Tennant
35%
Petuina Dursley Fiona Shaw
31%
Arthur Weasley Mark Williams
21%
Dudley Dursley Harry Melling
19%
Dean Thomas Alfred Enoch
16%
Lord Voldemort Ralph Fienns
15%
Cornelius Fudge Robert Hardy
13%
No matching quizzes found
Score Distribution
Percent of People with Each Score
Percentile by Number Answered
Your Score History
You have not taken this quiz